|
|
|
|
| LEADER |
00624nam a22001577a 4500 |
| 003 |
OSt |
| 020 |
|
|
|a 0835210944
|
| 082 |
|
|
|a 015
|b BOW/AM
|
| 245 |
|
|
|a American book publishing record cumulative 1950-1977 V.15:
|b an american national bibliography
|
| 260 |
|
|
|a New York
|b R.R.Bowker Company
|c 1978
|
| 300 |
|
|
|a xviii, 1069p.
|
| 534 |
|
|
|n copyright 1978 by Xerox Corporation
|
| 546 |
|
|
|a English
|
| 942 |
|
|
|2 ddc
|c REF
|
| 999 |
|
|
|c 161535
|d 161535
|
| 952 |
|
|
|0 0
|1 0
|2 ddc
|4 0
|6 015_000000000000000_BOWAM
|7 1
|8 REF
|9 160336
|a KAUCLV
|b KAUCLV
|c REF
|d 2018-09-04
|o 015 BOW/AM
|p 906147
|r 2018-09-04
|w 2018-09-04
|y REF
|z Book transferred from CoH Library, Acc.No: 12579
|